[Event "12th American Continental"]
[Site "Medellin COL"]
[Date "2017.06.13"]
[Round "5.14"]
[White "Mosquera,M"]
[Black "Ortiz Suarez,I"]
[Result "0-1"]
[WhiteElo "2391"]
[BlackElo "2570"]

1.d4 Nf6 2.Nc3 d5 3.Bg5 c5 4.Bxf6 gxf6 5.e4 dxe4 6.dxc5 Qa5 7.Qd5 Nc6 8.Bb5
Bd7 9.O-O-O Rd8 10.Qxe4 f5 11.Qe3 Bg7 12.Nge2 a6 13.Bxc6 Bxc6 14.Rxd8+ Qxd8
15.Rd1 Qc7 16.g3 O-O 17.Nf4 Bh6 18.Re1 e6 19.Kb1 Rc8 20.a3 Qb8 21.Qd4 Rd8
22.Qf6 Bg7 23.Qh4 Rd4 24.Rd1 Qe5 25.Rxd4 Qxd4 26.Qe7 h6 27.Nd3 Bf6 28.Qc7 Bf3
29.Qd6 Kg7 30.Qxd4 Bxd4 31.Kc1 e5 32.Kd2 e4 33.Ne1 Bg4 34.b4 Bxf2 35.Ng2 Bg1
36.Ne3 Bxh2 37.Nxg4 fxg4 38.Nxe4 f5 39.Nd6 Kf6 {#R} 0-1

[Event "12th American Continental"]
[Site "Medellin COL"]
[Date "2017.06.13"]
[Round "5.15"]
[White "Quinonez Garcia,S"]
[Black "Flores,Di"]
[Result "0-1"]
[WhiteElo "2379"]
[BlackElo "2567"]

1.d4 Nf6 2.Bf4 d6 3.e3 g6 4.h3 Bg7 5.Nf3 O-O 6.Be2 c5 7.c3 Qb6 8.Na3 Qxb2
9.Nc4 Qxc3+ 10.Nfd2 Bd7 11.O-O cxd4 12.a3 dxe3 13.Rc1 exf2+ 14.Rxf2 Qd4 15.Be3
Qd5 16.Bf3 Qe6 17.Bxb7 Nc6 18.Bxa8 Rxa8 19.Re2 Qd5 20.Nf3 Qxd1+ 21.Rxd1 Rb8
22.Nd4 Nd5 23.Nxc6 Bxc6 24.Bxa7 Ra8 25.Nb6 Nc3 26.Rxe7 Rxa7 27.Rxa7 Nxd1
28.Rc7 Bd4+ 29.Kh2 Be4 30.Nc4 d5 31.Rc8+ Kg7 32.Nd2 Ne3 33.Nxe4 Nf1+ 34.Kh1
dxe4 35.g4 e3 36.Kg2 e2 37.Rc1 Bc3 38.Kf2 Ng3 39.Rxc3 Ne4+ 40.Kxe2 Nxc3+
41.Kd3 Na4 42.Kd4 {#R} 0-1

[Event "12th American Continental"]
[Site "Medellin COL"]
[Date "2017.06.13"]
[Round "5.20"]
[White "Quintiliano Pinto,R"]
[Black "Echavarria,J"]
[Result "1-0"]
[WhiteElo "2483"]
[BlackElo "2309"]

1.d4 d5 2.c4 c6 3.Nf3 Nf6 4.Qc2 dxc4 5.e4 b5 6.b3 cxb3 7.axb3 e6 8.Bd2 a5
9.Bd3 Na6 10.O-O Nb4 11.Bxb4 Bxb4 12.Ne5 Bb7 13.Nxc6 Bxc6 14.Qxc6+ Kf8 15.Rc1
Rb8 16.Qc7 g6 17.Na3 Qxc7 18.Rxc7 Bd6 19.Ra7 Bxa3 20.Rxa3 Rd8 21.f3 a4 22.bxa4
bxa4 23.R3xa4 Kg7 24.Kf2 Rhf8 25.Ke3 Rg8 26.Bc4 Rd6 27.Rb7 Rd7 28.Raa7 Rgd8
29.e5 Nd5+ 30.Bxd5 Rxd5 31.Rxf7+ Kg8 32.Rg7+ Kh8 33.Rxh7+ Kg8 34.Rag7+ Kf8
35.Rxg6 R5d7 {#r} 1-0

[Event "12th American Continental"]
[Site "Medellin COL"]
[Date "2017.06.13"]
[Round "5.21"]
[White "Escalante Ramirez,Brian Sebasti"]
[Black "Barrientos,S"]
[Result "0-1"]
[WhiteElo "2338"]
[BlackElo "2463"]

1.e4 c5 2.Nf3 d6 3.d4 cxd4 4.Nxd4 Nf6 5.Nc3 a6 6.Bg5 e6 7.f4 Bd7 8.Qf3 Nc6
9.Nb3 h6 10.Bh4 b5 11.a3 g5 12.fxg5 Nh7 13.O-O-O hxg5 14.Bg3 Ne5 15.Qe3 Nf6
16.Be2 Qc7 17.Rhf1 Be7 18.Qxg5 Nh5 19.Qxh5 Rxh5 20.Bxh5 O-O-O 21.Bxf7 Nc4
22.Rf3 Rf8 23.Nd4 Rxf7 24.Rxf7 Bd8 {#R} 0-1

[Event "12th American Continental"]
[Site "Medellin COL"]
[Date "2017.06.13"]
[Round "5.24"]
[White "Arias Santana,M"]
[Black "Panesso Rivera,H"]
[Result "0-1"]
[WhiteElo "2292"]
[BlackElo "2421"]

1.d4 d6 2.e4 g6 3.Nc3 Bg7 4.Be3 a6 5.Qd2 b5 6.f3 Bb7 7.h4 h5 8.Nh3 Nd7 9.Ng5
Nb6 10.a3 Nf6 11.O-O-O e6 12.Qf2 Qe7 13.Kb1 Rc8 14.Be2 d5 15.Qe1 dxe4 16.Ncxe4
Nfd5 17.Bc1 Nd7 18.c4 bxc4 19.Bxc4 O-O 20.g4 c5 21.gxh5 cxd4 22.Bxd5 Bxd5
23.hxg6 f5 24.Nf2 Qc5 25.Qe2 Bc4 26.Qd2 a5 27.f4 Qb5 28.Rh3 Nc5 29.h5 d3 {#R}
0-1

[Event "12th American Continental"]
[Site "Medellin COL"]
[Date "2017.06.13"]
[Round "5.25"]
[White "Zapata,Alo"]
[Black "Cortes Orihuela,Javier"]
[Result "1-0"]
[WhiteElo "2420"]
[BlackElo "2235"]

1.e4 c5 2.Nf3 d6 3.d4 cxd4 4.Nxd4 Nf6 5.Nc3 a6 6.g3 e5 7.Nb3 Qc7 8.Bg2 Nbd7
9.O-O b5 10.Re1 Bb7 11.a4 b4 12.Na2 Nc5 13.Nxb4 Ncxe4 14.Rxe4 Nxe4 15.Nd5 Qc4
16.Nb6 Qc6 17.Be3 Rd8 18.Na5 Qc7 19.Nxb7 Qxb7 20.c4 f5 21.a5 Be7 22.g4 f4
23.Bd2 d5 24.Nxd5 Nxf2 25.Kxf2 Bc5+ 26.Ke2 Qxb2 27.Qa4+ Kf7 28.Rf1 Rhe8 29.Be4
Kg8 30.Qc2 Qd4 31.Bxh7+ Kh8 32.Be4 g5 33.Qd3 Kg7 34.Bc3 Qxd3+ 35.Kxd3 Rd6
36.h4 Rh6 37.h5 Rd6 38.Rb1 Rd7 39.Bg6 Red8 40.Bxe5+ Kh6 41.Ke4 f3 42.Kxf3 Rf8+
43.Bf5 Rdf7 44.Re1 Be3 45.Kxe3 {#r} 1-0

[Event "12th American Continental"]
[Site "Medellin COL"]
[Date "2017.06.13"]
[Round "5.26"]
[White "Franco Valencia,A"]
[Black "Duran Vega,S"]
[Result "0-1"]
[WhiteElo "2286"]
[BlackElo "2408"]

1.e4 c5 2.Nf3 Nc6 3.d4 cxd4 4.Nxd4 Nf6 5.Nc3 d6 6.g3 Bd7 7.Bg2 g6 8.Nde2 Bg7
9.O-O O-O 10.h3 Rc8 11.Bg5 a6 12.Nd5 Nxd5 13.exd5 Na5 14.c3 h6 15.Be3 Nc4
16.Qc1 Nxe3 17.Qxe3 Re8 18.Rfd1 Qa5 19.a4 Qc5 20.Qxc5 Rxc5 21.a5 Rec8 22.Nd4
Kf8 23.Kh2 h5 24.h4 Bb5 25.Bh3 R8c7 26.Nb3 Rc4 27.Bf1 Ra4 28.Bxb5 axb5 29.Kg2
Rcc4 30.Rab1 Ra2 31.Rd3 Ke8 32.Kf1 Kd7 33.Kg2 Kc8 {#R} 0-1

[Event "12th American Continental"]
[Site "Medellin COL"]
[Date "2017.06.13"]
[Round "5.27"]
[White "Mateus,Al"]
[Black "Panjwani,R"]
[Result "0-1"]
[WhiteElo "2255"]
[BlackElo "2404"]

1.d4 Nf6 2.c4 e6 3.g3 d5 4.Bg2 c5 5.cxd5 exd5 6.Nf3 Nc6 7.O-O Be7 8.Nc3 O-O
9.dxc5 Bxc5 10.Na4 Be7 11.Be3 Re8 12.Rc1 Bg4 13.Nc5 Bxc5 14.Bxc5 Qd7 15.Re1 h5
16.Qb3 b6 17.Be3 Na5 18.Qd1 Rxe3 19.fxe3 Nc4 20.e4 Ne3 21.Qb3 Nxg2 22.Kxg2
Bh3+ 23.Kh1 dxe4 24.Ne5 Qb7 25.Qc4 Re8 26.Qd4 Rxe5 27.Qd8+ Re8 28.Qc7 Qd5 {#R}
0-1

[Event "12th American Continental"]
[Site "Medellin COL"]
[Date "2017.06.13"]
[Round "5.28"]
[White "Ramirez Gonzalez,Mauricio"]
[Black "Prasca Sosa,R"]
[Result "0-1"]
[WhiteElo "2108"]
[BlackElo "2400"]

1.d4 d5 2.c4 e6 3.Nc3 Nf6 4.cxd5 exd5 5.Bg5 c6 6.e3 Bf5 7.Qf3 Bg6 8.Bxf6 Qxf6
9.Qxf6 gxf6 10.Nf3 Nd7 11.Nh4 Nb6 12.Ne2 Bb4+ 13.Kd1 Nc4 14.Kc1 Be1 15.b3 Nd6
16.Nxg6 hxg6 17.f3 Bf2 18.Kd2 Nf5 19.e4 Bxd4 20.Nxd4 Nxd4 21.exd5 cxd5 22.Kc3
Ne6 23.Rd1 O-O-O 24.g3 f5 25.f4 Kb8 26.Bg2 d4+ 27.Kb4 Rd6 28.Bf1 Rc8 29.Bc4
Nc5 30.Rhe1 Ne4 31.Bxf7 Nc3 32.Rd3 Rb6+ 33.Ka3 Ra6+ 34.Kb4 Rxa2 35.Re5 b6
36.Rxc3 dxc3 37.Bd5 c2 38.Re7 Rc5 {#R} 0-1

[Event "12th American Continental"]
[Site "Medellin COL"]
[Date "2017.06.13"]
[Round "5.31"]
[White "Molina,Rob"]
[Black "Brito,L"]
[Result "1-0"]
[WhiteElo "2464"]
[BlackElo "2250"]

1.d4 Nf6 2.c4 g6 3.Nc3 c5 4.d5 Bg7 5.e4 d6 6.Nf3 O-O 7.h3 Nbd7 8.Bd3 Ne8 9.O-O
Ne5 10.Nxe5 dxe5 11.Be3 b6 12.a3 f5 13.f3 Nd6 14.b4 Ba6 15.Qb3 Rb8 16.bxc5
bxc5 17.Qa4 Qc8 18.Rab1 Rxb1 19.Rxb1 {#r} 1-0

[Event "12th American Continental"]
[Site "Medellin COL"]
[Date "2017.06.13"]
[Round "5.38"]
[White "Valdes,Le"]
[Black "Ruiz Aguilar,P"]
[Result "1-0"]
[WhiteElo "2407"]
[BlackElo "2206"]

1.Nf3 d5 2.g3 Nf6 3.Bg2 e6 4.O-O c6 5.d3 Be7 6.Nbd2 O-O 7.e4 Nbd7 8.Re1 b6
9.e5 Ne8 10.Nf1 Bb7 11.h4 Nc7 12.Bf4 c5 13.h5 a5 14.h6 g6 15.N1h2 a4 16.a3 b5
17.Qd2 b4 18.Ng4 Nb5 19.Bg5 bxa3 20.bxa3 Nd4 21.Bxe7 Nxf3+ 22.Bxf3 Qxe7
23.Rab1 Bc6 24.c4 Rfb8 25.Qf4 Rb3 26.cxd5 exd5 27.Nf6+ Nxf6 28.exf6 Qb7
29.Rbc1 c4 30.dxc4 Rxa3 31.Re7 Qb2 32.Rce1 Rb8 33.Qxb8+ {#r} 1-0

[Event "12th American Continental"]
[Site "Medellin COL"]
[Date "2017.06.13"]
[Round "5.40"]
[White "Garcia,Gild"]
[Black "Restrepo Loaiza,Luis Fernando"]
[Result "1-0"]
[WhiteElo "2396"]
[BlackElo "2167"]

1.e4 e5 2.Nf3 Qe7 3.Nc3 Nf6 4.Bc4 d6 5.O-O Bg4 6.h3 Bxf3 7.Qxf3 g6 8.Nd5 Nxd5
9.Bxd5 c6 10.Bb3 Nd7 11.d3 Nc5 12.Qg3 Bg7 13.f4 exf4 14.Bxf4 Nxb3 15.axb3 Be5
16.Qe3 Bxb2 17.Rxa7 O-O 18.Rxa8 Rxa8 19.Kh1 Re8 20.Bg5 f6 21.Bh4 d5 22.Qd2 g5
23.Bg3 Qc5 24.c4 Bd4 25.b4 Qe7 26.cxd5 cxd5 27.Qa2 Kg7 28.Rb1 Qf7 29.Qe2 Qd7
30.Qf3 dxe4 31.dxe4 f5 32.e5 Qe6 33.Qxb7+ {#r} 1-0

[Event "12th American Continental"]
[Site "Medellin COL"]
[Date "2017.06.13"]
[Round "5.46"]
[White "Palencia,W"]
[Black "Cardoso Cardoso,Jose Gabriel"]
[Result "1-0"]
[WhiteElo "2343"]
[BlackElo "2134"]

1.d4 d5 2.Nc3 Nf6 3.Bg5 h6 4.Bh4 Bf5 5.f3 c6 6.Qd2 Nbd7 7.O-O-O Qa5 8.e4 dxe4
9.fxe4 Bg4 10.Nf3 e6 11.Qe3 Bb4 12.Bc4 b5 13.Bb3 Bxc3 14.bxc3 Qa3+ 15.Kd2 a5
16.d5 cxd5 17.exd5 O-O 18.dxe6 fxe6 19.h3 Bf5 20.Nd4 Kh8 21.Nxb5 Qe7 22.a4 Nc5
23.Kc1 Rab8 24.c4 Rfc8 25.Rhf1 Nce4 26.Kb2 Bh7 27.Be1 e5 28.Nc3 Rxc4 29.Nb5
Rcc8 30.Bxa5 Nc5 31.Rf2 Ra8 32.Qe1 e4 33.Bb4 e3 34.Re2 Qe4 35.Nd6 Qe5+ 36.Bc3
Nxa4+ 37.Bxa4 Rcb8+ 38.Bb3 Qc5 39.Nf7+ Kg8 40.Rd8+ Rxd8 41.Nxd8+ Kh8 42.Nf7+
Kg8 43.Nxh6+ {#r} 1-0

[Event "12th American Continental"]
[Site "Medellin COL"]
[Date "2017.06.13"]
[Round "5.47"]
[White "Moran Reyes,P"]
[Black "Hernandez Montes,Jhon Sebastian"]
[Result "0-1"]
[WhiteElo "2129"]
[BlackElo "2292"]

1.e4 d6 2.d4 Nf6 3.Nc3 g6 4.Nf3 Bg7 5.h3 O-O 6.Be3 c6 7.a4 a5 8.Be2 Qc7 9.Qd2
Na6 10.e5 dxe5 11.Nxe5 Nb4 12.Bf4 Qd8 13.O-O Bf5 14.Rac1 h5 15.Bc4 Nbd5
16.Bxd5 cxd5 17.Nb5 Ne4 18.Qe3 Rc8 19.c3 f6 20.Nd3 Re8 21.Rfe1 e5 22.Bh2 h4
23.f3 Ng3 24.Bxg3 hxg3 25.Nc5 Re7 26.Nb3 Rc4 27.Nc5 Bf8 28.Qd2 exd4 29.cxd4
Rxc1 30.Qxc1 Bh6 31.Qd1 b6 32.Na6 Bc2 33.Qa1 Bxa4 34.Nac7 Bxb5 35.Nxb5 Qe8
36.Rxe7 Qxe7 37.Nc3 Be3+ 38.Kf1 Bxd4 39.Nxd5 Qc5 40.Nc3 Bxc3 41.Qa2+ Kg7
42.bxc3 Qxc3 {#R} 0-1

[Event "12th American Continental"]
[Site "Medellin COL"]
[Date "2017.06.13"]
[Round "5.49"]
[White "Soto,Christian Camilo"]
[Black "Cifuentes,J"]
[Result "1-0"]
[WhiteElo "2102"]
[BlackElo "2266"]

1.d4 Nf6 2.c4 e6 3.Nc3 d5 4.e3 c6 5.Qc2 Nbd7 6.b3 e5 7.dxe5 Nxe5 8.Nf3 Nxf3+
9.gxf3 d4 10.exd4 Qxd4 11.Be3 Qe5 12.O-O-O Bf5 13.Bd3 Ba3+ 14.Kb1 Bxd3 15.Rxd3
O-O 16.Bd4 Qf5 17.Rg1 Bc5 18.Bxf6 Qxf6 19.Ne4 Qe7 20.Rd7 Qe5 21.Rg5 Qxh2
22.Nf6+ Kh8 23.Rh5 {#r} 1-0

[Event "12th American Continental"]
[Site "Medellin COL"]
[Date "2017.06.13"]
[Round "5.53"]
[White "Ruiz C,J"]
[Black "Chirivi C,A"]
[Result "1-0"]
[WhiteElo "2367"]
[BlackElo "2105"]

1.e4 e5 2.Nf3 Nc6 3.Bb5 a6 4.Ba4 Nf6 5.O-O Be7 6.Re1 b5 7.Bb3 O-O 8.h3 d6 9.c3
Nb8 10.d4 Bb7 11.Nbd2 c5 12.dxe5 dxe5 13.Nxe5 c4 14.Bc2 Bc5 15.Ng4 Nbd7 16.Nf3
Nxg4 17.hxg4 Nf6 18.Nd4 Re8 19.f3 Qb6 20.a3 Rad8 21.Be3 Nd7 22.Qe2 Ne5 23.Rad1
g6 24.Qf2 Rd7 25.Nf5 Bxe3 26.Qxe3 Qxe3+ 27.Nxe3 Red8 28.Rxd7 Rxd7 29.Rd1 Rxd1+
30.Nxd1 Kf8 31.g5 Ke7 32.Kf2 Nd7 33.Ke3 Kd6 34.Kd4 Ne5 35.f4 Nc6+ 36.Ke3 Kc5
37.Nf2 Ne7 38.Ng4 f5 39.gxf6 {#r} 1-0

[Event "12th American Continental"]
[Site "Medellin COL"]
[Date "2017.06.13"]
[Round "5.54"]
[White "Arango,A"]
[Black "Escobar Medina,A"]
[Result "0-1"]
[WhiteElo "2103"]
[BlackElo "2343"]

1.e4 c5 2.Nf3 d6 3.d4 cxd4 4.Nxd4 Nf6 5.Nc3 g6 6.Be3 a6 7.f3 b5 8.Qd2 Bb7 9.g4
h6 10.Nde2 Nbd7 11.Ng3 Rc8 12.a3 Ne5 13.Be2 Bg7 14.h4 h5 15.gxh5 Nxh5 16.Nxh5
Rxh5 17.Bd4 Bh6 18.f4 Nc4 19.Bxc4 Rxc4 20.O-O-O Qa5 21.Kb1 b4 22.axb4 Qxb4
23.Qf2 Ra5 24.Rh3 Bc8 25.Rhd3 Be6 26.Bb6 Ra3 27.Nd5 Rxd3 28.cxd3 Bxd5 29.dxc4
Bxe4+ 30.Kc1 Qxc4+ 31.Kd2 Bc2 32.Re1 Bf5 33.Ra1 Bxf4+ 34.Ke1 Be5 35.Be3 Qb4+
36.Kf1 Bxb2 37.Rd1 Bh3+ {#R} 0-1

[Event "12th American Continental"]
[Site "Medellin COL"]
[Date "2017.06.13"]
[Round "5.55"]
[White "Blandon,L"]
[Black "Salcedo,Pablo Esteban"]
[Result "0-1"]
[WhiteElo "2269"]
[BlackElo "2103"]

1.e4 c5 2.Nf3 d6 3.d4 Nf6 4.Nc3 cxd4 5.Nxd4 a6 6.Bg5 e6 7.f4 Nbd7 8.Qf3 Qc7
9.O-O-O Be7 10.Bd3 b5 11.Rhe1 Bb7 12.Qg3 h6 13.Bxf6 Bxf6 14.Bxb5 axb5 15.Ndxb5
Qc6 16.Nxd6+ Kf8 17.e5 Be7 18.f5 exf5 19.e6 f4 20.Qd3 Bxd6 21.exd7 Qxd7 22.Nb5
Rxa2 23.Nxd6 Ra1+ 24.Kd2 Ra8 25.Ra1 Rxa1 26.Rxa1 Bc6 27.Re1 Qc7 28.b4 Bd7
29.Qd4 Qc6 30.Qxf4 Qxg2+ 31.Kc1 Qg5 32.Qe3 Be6 33.c4 Ke7 34.c5 Qg4 35.Qe5 Ra8
36.Nf5+ Kf8 37.Nd4 Ra1+ 38.Kd2 Ra2+ 39.Ke3 Qh3+ 40.Nf3 Ra3+ 41.Kd4 Rxf3
42.Qb8+ Bc8 {#R} 0-1

[Event "12th American Continental"]
[Site "Medellin COL"]
[Date "2017.06.13"]
[Round "5.56"]
[White "Romero Barreto,Jaime Jose"]
[Black "Caceres Vasquez,S"]
[Result "0-1"]
[WhiteElo "2266"]
[BlackElo "2094"]

1.e4 e6 2.Nf3 d5 3.Nc3 Nf6 4.e5 Nfd7 5.d4 c5 6.Bf4 cxd4 7.Qxd4 Nc6 8.Qd2 Bb4
9.a3 Qa5 10.O-O-O Bxc3 11.Qxc3 Qxc3 12.bxc3 Nb6 13.h4 Bd7 14.h5 h6 15.Rh3 O-O
16.Rg3 Kh8 17.Be3 Na5 18.Bxb6 axb6 19.Rd4 Nc6 20.Rdg4 Rxa3 21.Rxg7 Ra1+ 22.Kd2
Rxf1 23.Ke2 Rh1 24.Ng5 hxg5 25.R3xg5 Nxe5 {#R} 0-1

[Event "12th American Continental"]
[Site "Medellin COL"]
[Date "2017.06.13"]
[Round "5.57"]
[White "Fuentes Godoy,Lilia Ivonne"]
[Black "Cano,L"]
[Result "0-1"]
[WhiteElo "2088"]
[BlackElo "2264"]

1.d4 Nf6 2.c4 g6 3.Nc3 Bg7 4.e4 d6 5.Be2 O-O 6.Bg5 c6 7.Qd2 a6 8.a4 Nbd7 9.f3
e5 10.d5 Nc5 11.Ra3 a5 12.g4 h6 13.Bxh6 Nfxe4 14.Nxe4 Qh4+ 15.Kd1 Bxh6 16.Qe1
Qe7 17.h4 f5 18.Nxc5 dxc5 19.g5 Bg7 20.Kc1 e4 21.f4 Qd6 22.Qg3 cxd5 23.h5 Rd8
24.h6 Bh8 25.h7+ Kf7 26.Nh3 d4 27.Nf2 d3 28.Nxd3 exd3 29.Rxd3 Qb6 30.Rb3 Qc6
31.Re1 Qxa4 32.Kb1 Ra6 33.Bf1 Rdd6 34.Qf3 b6 35.Qe3 Re6 {#R} 0-1

[Event "12th American Continental"]
[Site "Medellin COL"]
[Date "2017.06.13"]
[Round "5.60"]
[White "Pazos Gambarrotti,P"]
[Black "Castano,Jo"]
[Result "1-0"]
[WhiteElo "2232"]
[BlackElo "2088"]

1.d4 c5 2.d5 d6 3.e4 Nf6 4.Nc3 g6 5.Be2 Bg7 6.Nf3 O-O 7.O-O Na6 8.Nd2 Nc7 9.a4
e5 10.Nc4 Qe7 11.f4 Nd7 12.f5 b6 13.Nb5 Ne8 14.Nc3 Ba6 15.Na5 bxa5 16.Bxa6 Rb8
17.Bb5 f6 18.fxg6 hxg6 19.Qg4 {#r} 1-0

[Event "12th American Continental"]
[Site "Medellin COL"]
[Date "2017.06.13"]
[Round "5.62"]
[White "Florez,C"]
[Black "Castrillon Gomez,M"]
[Result "1-0"]
[WhiteElo "2039"]
[BlackElo "2210"]

1.d4 f5 2.Nc3 d5 3.Bf4 Nf6 4.e3 e6 5.Nf3 c6 6.Be2 Be7 7.O-O Nbd7 8.h3 O-O
9.Na4 Ne4 10.c4 g5 11.Bh2 Ndf6 12.Ne5 Bd7 13.c5 b5 14.Nc3 Nxc3 15.bxc3 Be8
16.a4 a6 17.Ra3 Ne4 18.Nd3 Qc8 19.f3 Nf6 20.Qa1 Bh5 21.Ne5 Qb7 22.Rb1 Rfc8
23.Rb2 Ne8 24.axb5 cxb5 25.g4 fxg4 26.hxg4 Bg6 27.Rba2 Nc7 28.Kg2 Kg7 29.Bg3
Ra7 30.Qh1 Rca8 31.Qh2 Bf6 32.Nxg6 hxg6 33.Bxc7 Rh8 34.Qg3 Qxc7 35.Qxc7+ Rxc7
36.Rxa6 Bd8 37.Ra7 Kf6 38.e4 dxe4 39.fxe4 e5 40.R2a6+ Ke7 41.d5 {#r} 1-0

[Event "12th American Continental"]
[Site "Medellin COL"]
[Date "2017.06.13"]
[Round "5.63"]
[White "Harper,R"]
[Black "Renteria,R"]
[Result "1-0"]
[WhiteElo "2209"]
[BlackElo "2077"]

1.e4 c5 2.Nf3 d6 3.d4 cxd4 4.Nxd4 Nf6 5.Nc3 a6 6.Bg5 e6 7.f4 Be7 8.Qf3 Qc7
9.O-O-O Nc6 10.Nb3 Bd7 11.g4 O-O-O 12.Bh4 Kb8 13.g5 Ne8 14.Bf2 Rc8 15.Rd2 b5
16.Qe3 Qb7 17.Bg2 h6 18.h4 hxg5 19.fxg5 Ne5 20.Na5 Nc4 21.Nxb7 Nxe3 22.Bxe3
Kxb7 23.h5 b4 24.Ne2 e5 25.Ng3 g6 26.Rf2 Be6 27.Nf5 Bf8 28.hxg6 Rxh1+ 29.Bxh1
fxg6 30.Nh4 Bg7 31.Nxg6 Bxa2 32.Ne7 Rc7 33.Nd5 Bxd5 34.exd5 Re7 35.Be4 Kc7
36.c4 Kd7 37.Kc2 Nc7 38.Kb3 a5 39.Ka4 Na6 40.Kb5 Nc5 41.Bxc5 dxc5 42.Kxc5 Re8
43.d6 Rf8 44.Rd2 {#r} 1-0

[Event "12th American Continental"]
[Site "Medellin COL"]
[Date "2017.06.13"]
[Round "5.65"]
[White "Castaneda,J"]
[Black "Avila Pavas,Santiago"]
[Result "0-1"]
[WhiteElo "2195"]
[BlackElo "2056"]

1.e4 c5 2.Nc3 g6 3.f4 Bg7 4.Nf3 Nc6 5.g3 d6 6.Bg2 e6 7.O-O Nge7 8.d3 O-O 9.Be3
Nd4 10.Qd2 Bd7 11.Nd1 Rc8 12.Nh4 f5 13.c3 Ndc6 14.Nf2 Qa5 15.Qc2 b5 16.a3 Qc7
17.Rac1 Qa5 18.Ra1 Qd8 19.Qd2 Be8 20.Nf3 h6 21.Kh1 Bf7 22.Rg1 b4 23.axb4 cxb4
24.c4 fxe4 25.dxe4 Na5 26.Qxb4 Nxc4 27.Bc1 Nxb2 28.Bxb2 Rb8 29.Qe1 Rxb2
30.Rxa7 Nc6 31.Ra6 Nb4 32.Ra4 Qb6 33.Nd1 Nd3 34.Qa5 Qxa5 35.Rxa5 Rb1 36.Ra2
Bb2 37.Ne1 Bd4 38.Rd2 Rxd1 39.Rxd3 Rxd3 40.Nxd3 Bxg1 41.Kxg1 g5 42.Kf2 Bg6
43.Ke3 Rb8 44.Nc1 Rb2 45.Bh3 Kf7 46.Ne2 Bxe4 {#R} 0-1

[Event "12th American Continental"]
[Site "Medellin COL"]
[Date "2017.06.13"]
[Round "5.67"]
[White "Gallego,Julian Andres"]
[Black "Leon,Orlando"]
[Result "0-1"]
[WhiteElo "2027"]
[BlackElo "2167"]

1.d4 d5 2.c4 c6 3.Nf3 Nf6 4.Nc3 a6 5.e3 e6 6.b3 c5 7.Be2 Nc6 8.O-O Be7 9.dxc5
Bxc5 10.cxd5 exd5 11.Na4 Be7 12.Bb2 O-O 13.Rc1 Ne4 14.Ne5 Nxe5 15.Bxe5 Ba3
16.Rc2 Be6 17.Qd4 Qg5 18.Bf4 Qg6 19.f3 Nf2 20.Rxf2 Qxc2 21.Bxa6 Qc1+ 22.Bf1 b5
23.Nb2 Bc5 24.Qe5 Qa1 25.Rc2 Rfc8 26.Rxc5 Rxc5 27.Bh6 gxh6 28.Qg3+ Kf8 29.Qd6+
Kg7 {#R} 0-1

[Event "12th American Continental"]
[Site "Medellin COL"]
[Date "2017.06.13"]
[Round "5.68"]
[White "Montilla,J"]
[Black "Torres Rojas,Y"]
[Result "1-0"]
[WhiteElo "2161"]
[BlackElo "2022"]

1.d4 d5 2.c4 g6 3.Nc3 Nf6 4.Bf4 c6 5.e3 Bg7 6.Rc1 O-O 7.Nf3 Re8 8.Be2 Bf5
9.O-O Ne4 10.Qb3 Nxc3 11.Rxc3 Qb6 12.cxd5 cxd5 13.Qxb6 axb6 14.a3 f6 15.Bb5
Nc6 16.Bxc6 bxc6 17.Rxc6 e5 18.Bg3 b5 19.Rd1 b4 20.axb4 Rab8 21.dxe5 fxe5
22.Rc5 Rxb4 23.Rcxd5 e4 24.Rd8 Rxd8 25.Rxd8+ Kf7 26.Ne5+ Ke6 27.Re8+ Kd5 28.h3
Rxb2 29.Nf7 Rb1+ 30.Kh2 Rb6 31.Rd8+ Ke6 32.Ng5+ Ke7 33.Rg8 h6 34.Rxg7+ Kf6
35.Rf7+ Kxg5 36.Bf4+ Kh5 37.g4+ Bxg4 38.hxg4+ Kxg4 39.Bxh6 {#r} 1-0

[Event "12th American Continental"]
[Site "Medellin COL"]
[Date "2017.06.13"]
[Round "5.70"]
[White "Valle,E"]
[Black "Alvarado Arcila,Marvia Josefina"]
[Result "1-0"]
[WhiteElo "2155"]
[BlackElo "2004"]

1.e4 Nf6 2.Nc3 d5 3.exd5 Nxd5 4.Bc4 Nxc3 5.Qf3 e6 6.Qxc3 Qg5 7.g3 Nc6 8.Nf3
Qf5 9.O-O Be7 10.d4 Bd7 11.a3 Bf6 12.Re1 O-O-O 13.Ne5 Be8 14.g4 Nxe5 15.gxf5
Nxc4 16.Qxc4 Rxd4 17.Qe2 Bc6 18.fxe6 Re8 19.Be3 Rxe6 20.Bxd4 Rxe2 21.Rxe2 Bxd4
22.c3 {#r} 1-0

[Event "12th American Continental"]
[Site "Medellin COL"]
[Date "2017.06.13"]
[Round "6.2"]
[White "Bachmann,Ax"]
[Black "Cruz,Cr"]
[Result "1-0"]
[WhiteElo "2653"]
[BlackElo "2558"]

1.d4 Nf6 2.c4 e6 3.Nf3 Bb4+ 4.Bd2 c5 5.Bxb4 cxb4 6.g3 O-O 7.Bg2 d6 8.O-O Nc6
9.a3 bxa3 10.Rxa3 e5 11.Nc3 Bg4 12.d5 Nb4 13.Ne1 a5 14.Qd2 Nd7 15.Nd3 Nxd3
16.exd3 b6 17.Nb5 Nc5 18.d4 exd4 19.Qxd4 Bc8 20.b4 Nb7 21.Qf4 Re8 22.h4 Re5
23.Nd4 Qf8 24.Nc6 Bd7 25.Nxe5 dxe5 26.Qe3 Nd6 27.Rc1 Rc8 28.bxa5 Nxc4 29.Rxc4
Rxc4 30.a6 {#r} 1-0

[Event "12th American Continental"]
[Site "Medellin COL"]
[Date "2017.06.13"]
[Round "6.10"]
[White "Panjwani,R"]
[Black "Bacallao Alonso,Y"]
[Result "0-1"]
[WhiteElo "2404"]
[BlackElo "2554"]

1.Nf3 Nf6 2.c4 e6 3.d4 d5 4.e3 Be7 5.Nc3 O-O 6.Bd3 dxc4 7.Bxc4 a6 8.a4 c5
9.O-O Nc6 10.Bd3 Qc7 11.Qe2 Rd8 12.dxc5 Nb4 13.Bb1 Qxc5 14.e4 e5 15.Be3 Qa5
16.Nd2 Bg4 17.f3 Be6 18.Nc4 Bxc4 19.Qxc4 Rac8 20.Qe2 Bc5 21.Bxc5 Qxc5+ 22.Qf2
Rd4 23.Re1 Qd6 24.Re2 Nd7 25.g3 Nc5 26.Ba2 Nxa2 27.Rxa2 Nb3 28.Rc2 h5 29.Kg2
h4 30.Ra3 Rd3 31.Rxb3 h3+ 32.Kxh3 Qe6+ 33.Kg2 Qxb3 34.Rd2 Rd4 35.h4 Rxd2
36.Qxd2 Qb4 37.Kh3 Qd4 38.Qg5 Qd7+ 39.g4 Qd3 40.Kg3 Qd4 41.h5 Rc6 42.Kg2 b5
43.axb5 axb5 44.Nd5 Rc2+ 45.Kh3 Qg1 46.Ne7+ Kh8 47.Ng6+ Kh7 48.Qxe5 Qh1+ {#R}
0-1

[Event "12th American Continental"]
[Site "Medellin COL"]
[Date "2017.06.13"]
[Round "6.13"]
[White "Garcia Pantoja,R"]
[Black "Henao,Bernardo Andres"]
[Result "1-0"]
[WhiteElo "2500"]
[BlackElo "2059"]

1.e4 e5 2.Nf3 Nf6 3.Nxe5 d6 4.Nf3 Nxe4 5.d4 d5 6.Bd3 Bd6 7.O-O O-O 8.Nc3 Re8
9.Re1 Bf5 10.Bg5 Nxg5 11.Rxe8+ Qxe8 12.Nxg5 Qd7 13.Qf3 Bxd3 14.Qxd3 g6 15.Re1
Nc6 16.Qb5 Re8 17.Rxe8+ Qxe8 18.Nf3 Qe6 19.Qxd5 Nb4 20.Qxb7 Nxc2 21.Qxa7 Ne1
22.Qa8+ Kg7 23.g3 Nxf3+ 24.Qxf3 Qe1+ 25.Kg2 Qd2 26.b3 Qxd4 27.Nb5 Qb6 28.Nxd6
cxd6 29.Qd5 h5 30.h4 Kf8 31.a4 Ke7 32.a5 Qa6 33.b4 f6 34.Kg1 f5 35.Kg2 Kd7
36.b5 Qxa5 37.Qc6+ Ke6 38.b6 Qb4 39.b7 Kf6 40.Qc8 Qe4+ 41.Kh2 Qf3 42.Qh8+ Ke6
43.Qb2 Kd5 {#r} 1-0

[Event "12th American Continental"]
[Site "Medellin COL"]
[Date "2017.06.13"]
[Round "6.14"]
[White "Cori Quispe,Kevin Joel"]
[Black "Cuartas,Ja"]
[Result "1-0"]
[WhiteElo "2390"]
[BlackElo "2492"]

1.e4 e5 2.Nf3 Nc6 3.Bc4 Nf6 4.d3 Bc5 5.O-O O-O 6.Nbd2 a6 7.c3 b5 8.Bd5 Nxd5
9.exd5 Ne7 10.Ne4 Ba7 11.c4 d6 12.Be3 f5 13.Nc3 b4 14.Ne2 Bxe3 15.fxe3 c6
16.dxc6 Nxc6 17.d4 Bb7 18.Rc1 a5 19.Qc2 Qe7 20.d5 Nd8 21.e4 fxe4 22.Nd2 Rxf1+
23.Rxf1 Rc8 24.Qxe4 Ne6 25.Qe3 Qg5 26.Qxg5 Nxg5 27.Ng3 Nf7 28.Nf5 Rd8 29.Ne4
Rd7 30.Rf3 Ba6 31.b3 a4 32.Rg3 Kf8 33.Rxg7 Bxc4 34.Nf6 {#r} 1-0